Man Utd biggest transfer earners - Statistics

General Stats
  • This quiz has been taken 256 times
    136 since last reset
  • The average score is 23 of 41
Answer Stats
N Answer Club Nationality Top Signing Amount Total Amount % Correct
1 Ajax Netherlands Antony £86.3m £196.2m
99%
3 Chelsea England Mason Mounts £64.2m £146m
98%
2 Real Madrid Spain Casemiro £70m £171.7m
98%
5 Borussia Dortmund Germany Jadon Sancho £73m £127m
95%
8 Leicester City England Harry Maguire £80m £80m
95%
6 Juventus Italy Paul Pogba £89m £114m
94%
7 Sporting Club de Portugal Portugal Bruno Fernandes £68m £111.2m
94%
12 Arsenal England Alexis Sanchez £34m £64.7m
91%
4 Everton England Romelu Lukaku £75m £129.5m
89%
9 Southampton England Luke Shaw £37.5m £72.5m
85%
10 Monaco France Anthony Martial £60m £68m
84%
11 Crystal Palace England Aaron Wan-Bissaka £55m £66.8m
82%
15 Porto Portugal Diogo Dalot £22m £52.4m
79%
14 PSV Eindhoven Netherlands Memphis Depay £34m £57m
78%
21 Benfica Portugal Victor Lindelof £35m £35m
76%
28 Aston Villa England Ashley Young £18m £18m
74%
19 Leeds United England Rio Ferdinand £29.1m £36.1m
72%
22 Bayern Munich Germany Owen Hargreaves £25m £34m
69%
17 Tottenham England Dimitar Berbatov £30.8m £37.3,m
68%
16 Villarreal Spain Eric Bailly £38m £38m
67%
24 Atlético Madrid Spain David De Gea £25m £25m
66%
18 Atalanta Italy Amad Diallo £37.1m £37.1m
61%
20 Athletic Bilbao Spain Ander Herrera £36m £36m
60%
23 Lazio Italy Juan Sebastián Verón £29.1m £29.1m
49%
29 Swansea City Wales Daniel James £15m £15m
46%
30 Feyenoord Netherlands Tyrell Malacia £14.7m £14.7m
45%
13 Shakhtar Donetsk Ukraine Fred £59m £59m
43%
26 Fulham England Lous Saha £12.8m £24.8m
42%
31 Blackburn Rovers England Phil Jones £13.8m £13.8m
39%
27 Wigan Athletic England Antonio Valencia £21 £21m
37%
39 Paris Saint-Germain France Gabriel Heinze £6.9m £6.9m
26%
32 Spartak Moscow Russia Nemanja Vidic £10.5m £10.5m
23%
25 Torino Italy Matteo Darmian £18m £18m
16%
38 Partizan Serbia Zoran Tosic £7m £7m
8%
40 Fluminense Brazil Fábio + Rafael £3m £6m
7%
33 Penarol Uruguay Facundo Pellestri £9m £9m
7%
36 Guadalajara Mexico Javier Hernandez £7.5m £7.5m
6%
35 Independiente Argentina Diego Forlán £7.5m £7.5m
4%
41 Atlético Paranaense Brazil Kléberson £5.9m £5.9m
3%
34 Vitória de Guimaraes Portugal Bébé £8.8m £8.8m
3%
37 Crewe Alexandra England Nick Powell £7.5m £7.5m
0%
No matching quizzes found
Score Distribution
Percent of People with Each Score
Percentile by Number Answered
Your Score History
You have not taken this quiz since the last reset